00000000nam##2200000za#4500
0019.688898
003CaOODSP
00520210624231639
007cr |||||||||||
008150407|2006||||xxc|||||o    f|0| 0 eng|d
020 |a0-662-44221-0
040 |aCaOODSP|beng
043 |an-cn---
0861 |aFs114-5/2006E-PDF
1101 |aCanada. |bDepartment of Fisheries and Oceans.
24510|aCanada - Newfoundland and Labrador fishing industry renewal initiative : |h[electronic resource]|bdiscussion paper
2461 |aCanada - Newfoundland and Labrador fishing industry renewal : a discussion paper
260 |aSt. John's - Newfoundland and Labrador : |bFisheries and Oceans Canada |c2006.
300 |a54p.|bgraphs, tables
500 |aThe catalogue number (Fs114-5/2006E) and ISBN (0-662-44220-2) for the print edition have been incorrectly copied in this PDF edition.
5203 |aThis discussion paper looks at the need for change in Newfoundland and Labrador’s fishing industry. It outlines the industry’s external and domestic challenges, and presents the progress since the May 2006 launch of the initiative. The paper discusses key policy issues in the areas of harvesting, processing, marketing, and technology. The aim is to seek input from participating governments, industry, and communities for developing an integrated renewal strategy for the province’s fishing industry.
590 |a07-19|b2007-05-11
69007|aFisheries management|2gcpds
69007|aMarketing|2gcpds
69007|aRestructuring|2gcpds
77508|tInitiative Canada - Terre-Neuve-et-Labrador de renouvellement de l'industrie de la pêche : |w(CaOODSP)9.633317
7760#|tCanada - Newfoundland and Labrador fishing industry renewal initiative : |w(CaOODSP)9.650343
85640|ahttp://publications.gc.ca|qPDF|s1063 KB|uhttps://publications.gc.ca/collections/collection_2007/dfo-mpo/Fs114-5-2006E.pdf